[Event "Uljanovsk op"]
[Site "Uljanovsk"]
[Date "2010.02.13"]
[Round "8"]
[White "Pirogov, Vyatchslav"]
[Black "Meyling, Andrey"]
[Result "1-0"]
[WhiteElo "2412"]
[BlackElo "2057"]
[PlyCount "109"]
[EventDate "2010.02.06"]
[EventType "swiss"]
[EventRounds "9"]
[EventCountry "RUS"]
[SourceTitle "CBM 134 Extra"]
[Source "ChessBase"]
[SourceDate "2010.03.03"]
[SourceVersion "1"]
[SourceVersionDate "2010.03.03"]
[SourceQuality "1"]

1. Nf3 Nf6 2. c4 c6 3. b3 d5 4. Bb2 Bf5 5. d3 e6 6. Nbd2 Be7 7. Nh4 Bg6 8. Nxg6 hxg6 9. g3 Qb6 10. Bg2 Ng4 11. e3 Bf6 12. d4 Nh6 13. 0-0 0-0 14. a4 Na6 15. a5 Qd8 16. Qb1 Nf5 17. Rc1 Re8 18. Bf1 Nc7 19. cxd5 cxd5 20. Nf3 Nd6 21. Ne5 Bxe5 22. dxe5 Ndb5 23. Rc5 Qd7 24. Qd3 a6 25. Rac1 Rac8 26. Qc2 Ra8 27. Rxc7 Nxc7 28. Qxc7 Qxc7 29. Rxc7 Rab8 30. Bd4 Rec8 31. Rc5 Rxc5 32. Bxc5 Rc8 33. b4 f6 34. exf6 gxf6 35. h4 Kf7 36. Bg2 Rd8 37. Kf1 Rd7 38. Ke2 e5 39. Bh3 f5 40. f4 exf4 41. exf4 Rd8 42. Bg2 Ke6 43. Kd3 Rd7 44. Kd4 Rd8 45. Bf3 Rd7 46. g4 Rd8 47. g5 Rd7 48. h5 gxh5 49. Bxh5 Rh7 50. Bf3 Rd7 51. Bd1 Rh7 52. Bb3 Rd7 53. Bb6 Rd6 54. Bc7 Rd7 55. Be5 1-0

[Event "Uljanovsk op"]
[Site "Uljanovsk"]
[Date "2010.02.12"]
[Round "7"]
[White "Meyling, Andrey"]
[Black "Galimullina, Guzel"]
[Result "1-0"]
[WhiteElo "2057"]
[BlackElo "1785"]
[PlyCount "83"]
[EventDate "2010.02.06"]
[EventType "swiss"]
[EventRounds "9"]
[EventCountry "RUS"]
[SourceTitle "CBM 134 Extra"]
[Source "ChessBase"]
[SourceDate "2010.03.03"]
[SourceVersion "1"]
[SourceVersionDate "2010.03.03"]
[SourceQuality "1"]

1. d4 d5 2. c4 e6 3. Nc3 Nf6 4. Bg5 Nbd7 5. cxd5 exd5 6. e3 c6 7. Bd3 Bd6 8. Nf3 0-0 9. Qc2 h6 10. Bh4 Re8 11. 0-0 Nb6 12. Rab1 Bg4 13. Nd2 Bd7 14. Kh1 Rc8 15. b4 Be7 16. a4 Kh8 17. a5 Na8 18. Na4 b6 19. axb6 axb6 20. Nf3 c5 21. Ba6 Rc7 22. Ne5 Kg8 23. bxc5 bxc5 24. Nxd7 Nxd7 25. Bg3 Ra7 26. Bb7 cxd4 27. exd4 Ndb6 28. Rxb6 Rxa4 29. Qxa4 Nxb6 30. Qb5 Rf8 31. Qc6 Nd7 32. Qxd5 Nf6 33. Qe5 Bb4 34. Bc6 Bc3 35. Rd1 Nd7 36. Qe3 Bb4 37. Qb3 Be7 38. Qb7 Nf6 39. Bc7 Qc8 40. d5 Qf5 41. Bg3 Rd8 42. Qxe7 1-0

[Event "Uljanovsk Privolje op"]
[Site "Uljanovsk"]
[Date "2009.02.03"]
[Round "6"]
[White "Hamidullin, Aydar"]
[Black "Meyling, Andrey"]
[Result "1-0"]
[WhiteElo "2241"]
[BlackElo "2098"]
[PlyCount "81"]
[EventDate "2009.01.31"]
[EventType "swiss"]
[EventRounds "9"]
[EventCountry "RUS"]
[SourceTitle "EXT 2022"]
[Source "ChessBase"]
[SourceDate "2021.10.06"]
[SourceVersion "1"]
[SourceVersionDate "2021.10.06"]
[SourceQuality "1"]

1. e4 e6 2. Nf3 d5 3. Nc3 dxe4 4. Nxe4 Nd7 5. d4 Ngf6 6. Bd3 Nxe4 7. Bxe4 Nf6 8. Bd3 Be7 9. Bg5 0-0 10. Qe2 c5 11. dxc5 Qa5+ 12. c3 Qxc5 13. Rd1 Rd8 14. Ne5 Rd5 15. f4 b5 16. Bh4 Bb7 17. Bf2 Qc7 18. 0-0 a6 19. Rfe1 Bc5 20. Bc2 Bxf2+ 21. Qxf2 Rad8 22. Rxd5 Bxd5 23. a4 Rb8 24. axb5 axb5 25. Ra1 Ra8 26. Rxa8+ Bxa8 27. Qd4 Bd5 28. Bd3 Qb7 29. g3 Nd7 30. Nxd7 Qxd7 31. Qb6 Bc6 32. Kf2 h6 33. Qb8+ Qe8 34. Qxe8+ Bxe8 35. Ke3 Kf8 36. Kd4 Ke7 37. Kc5 f6 38. Bxb5 Bg6 39. Bc6 e5 40. fxe5 fxe5 41. b4 1-0